000 00633nam a2200229Ia 4500
005 20251121234225.0
008 230125s9999 xx 000 0 und d
020 _a978-81-7992-950-6
041 _aeng
082 _a158.1
_bEAS
100 _aEaswaran E
_9215414
245 _aTimeless Wisdom : Passages For Meditation From The Worlds Saints And Sages
250 _a3rd Ed.
260 _c2013
_bJaico Publishing House
_aMumbai
300 _a227p
_cPaper Back
440 _v1
500 _aPersonality Development
650 _aPersonality Development
_9213420
700 _aEaswaran E
_9215414
906 _b27
942 _cBK
999 _c95990
_d95990